=LDR 00000nam 2200000 4500 =001 INLIS000000000001602 =005 20130612090013 =008 ***********************************Ind** =035 ##$$0010-061300000001602 =041 ##$$a Ind =082 ##$$a 420 =090 ##$$a 420, Che-e =100 ##$$a CHEW, Magdalena =245 ##$$a English book for students companion, Buku pegangan Bahasa Inggris untuk pelajar, Chew Magdalena; Penerjemah, Herro =260 ##$$a 2000 $b Jakarta =300 ##$$a 207 hlm, ilus, 21 cm =650 ##$$a Bahasa Inggris =700 ##$$a HERRO =850 ##$$a NBPNMAT